000 01029nam a22003137a 4500
001 BR7704473
003 BR-BrBNA
005 20230928085403.0
007 ta
008 230509b bl.||||| |||| 00| 0 por d
040 _aBR-BrBNA
_bpor
_cBiblioteca Nacional de Agricultura
041 _a(Por)
072 _aE10; E30
_b8961
_b0230
_b1540
_b/G514
090 _ 8961 BR7704473
110 1 _aFundacao Instituto Paranaense de Desenvolvimento Economico e Social, Curitiba, PR (Brasil)
_94970
245 1 _aEstudos para o desenvolvimento de atividades agricolas e industriais integradas - projetos especiais - alcool anidro [cana de acucar, mandioca, mercado, investimento, Parana, Brasil]
260 3 _aCuritiba, PR (Brasil):
_c1977.
300 _a71 p.
500 _a24 tables
650 _aPROJETO INDUSTRIAL
650 _aCANA DE ACUCAR
650 _aMANDIOCA
650 _aALCOOL ANIDRO
650 _aMERCADO
650 _aINVESTIMENTO
650 _aPARANA
909 _a202309
_bLucia
_c55
_dLucia Elande
942 _cBK
999 _c24163
_d24163